000 00790cam a22002291 4500
001 sa 68011232
003 DLC
005 20260227112558.0
008 711115s1961 ii bc 000 0 eng
010 _asa 68011232
025 _aPL480:I-E-7215
040 _aDLC
_cDLC
_dDLC
043 _aa-ii---
050 0 0 _aZ5358.I5
_bA52
100 1 _aSrinivasan, K. S.,
_d1912-
245 1 0 _aAuthor & subject catalogue to Records of the Botanical Survey of India, volumes 1-17 (2): 1893-1959,
_ccompiled by K. S. Srinivasan and A. R. Das.
260 _aCalcutta,
_bIndustrial Section, Indian Museum, Botanical Survey of India,
_c1961.
300 _a19 p.
_c21 cm.
650 0 _aBotany
_zIndia
_xBibliography.
700 1 _aDas, A. R.,
_d1926-
730 0 _aRecords of the Botanical Survey of India.
999 _c83804
_d83804